|
|
|
|
| LEADER |
00000cas a2200000 a 4500 |
| 001 |
vtls010299770 |
| 003 |
SK-MaSNL |
| 005 |
20260228163009.0 |
| 008 |
110810d19501965xo sr|p 0 b0slo |
| 040 |
|
|
|a SNK
|b slo
|c SNK
|e AACR2
|
| 041 |
0 |
|
|a slo
|
| 044 |
|
|
|a xo
|c SK
|
| 072 |
|
7 |
|a 66
|x Chemický priemysel. Chemická technológia
|2 konspekt
|
| 080 |
|
|
|a 66
|2 2001
|
| 080 |
|
|
|a 050
|2 2001
|
| 245 |
0 |
0 |
|a Náš smer
|b orgán závodnej skupiny ROH Považských chemických závodov v Žiline
|
| 260 |
|
|
|a Žilina
|b Považské chemické závody
|c 1950-1965
|
| 260 |
3 |
|
|3 9/1958-1965
|a Žilina
|b Chemické závody W. Piecka
|
| 300 |
|
|
|a 16 zv.
|c 31-41 cm
|
| 310 |
|
|
|a 2x mesačne
|
| 362 |
0 |
|
|a Roč. I, č. 1 (15.2.1950)-roč. XVI, č. 18 (1965)
|
| 500 |
|
|
|a Podnázov sa mení
|
| 500 |
|
|
|a Redaktori sa menia
|
| 500 |
|
|
|a Tlač. Tlačiarenské závody Pravda, n. p., závod v Žiline
|
| 500 |
|
|
|a Od 10/1953 rozmer zv. 41 cm
|
| 650 |
0 |
7 |
|a chemický priemysel
|2 SNKPH
|9 69615
|
| 655 |
|
7 |
|a podnikové periodiká
|2 SNKPH
|9 132333
|
| 910 |
|
|
|a snk
|
| 916 |
|
|
|a 1950-1965
|
| 958 |
|
|
|a OND
|
| 999 |
|
|
|c 8698
|d 10628
|
| 952 |
|
|
|0 0
|1 0
|4 0
|7 0
|8 5
|a SNK
|b SNK
|d 2015-03-23
|f 1
|i snkF 2899/68
|l 0
|o snkČSB 658/1/1950
|p 17A0722054
|r 2026-02-21 21:15:49
|t č. 1-20
|w 2026-02-21
|y PREZ
|
| 952 |
|
|
|0 0
|1 0
|4 0
|7 0
|8 5
|a SNK
|b SNK
|d 2015-03-23
|f 1
|i snkF 2873/68
|l 0
|o snkČSB 658/2/1951
|p 17A0722050
|r 2026-02-21 21:15:49
|t č. 1-23, neúpl.
|w 2026-02-21
|y PREZ
|z chýba č. 22
|
| 952 |
|
|
|0 0
|1 0
|4 0
|7 0
|a SNK
|b SNK
|d 2015-03-23
|f 1
|i snk301/53
|l 0
|o snkČSB 658/3/1952
|p 17A0722043
|r 2026-02-21 21:15:49
|t č. 1-22
|w 2026-02-21
|y PREZ
|
| 952 |
|
|
|0 0
|1 0
|4 0
|7 0
|a SNK
|b SNK
|d 2015-03-23
|f 1
|i snk331/54
|l 0
|o snkČSB 658/4/1953
|p 17A0722042
|r 2026-02-21 21:15:49
|t č. 1-22
|w 2026-02-21
|y PREZ
|
| 952 |
|
|
|0 0
|1 0
|4 0
|7 0
|a SNK
|b SNK
|d 2015-03-23
|f 1
|i snkII. 1172/55
|l 0
|o snkČSB 658/5/1954
|p 17A0722041
|r 2026-02-21 21:15:49
|t č. 1-24
|w 2026-02-21
|y PREZ
|
| 952 |
|
|
|0 0
|1 0
|4 0
|7 0
|a SNK
|b SNK
|d 2015-03-23
|f 1
|i snkČSP 207/56
|l 0
|o snkČSB 658/6/1955
|p 17A0722053
|r 2026-02-21 21:15:50
|t č. 1-24
|w 2026-02-21
|y PREZ
|
| 952 |
|
|
|0 0
|1 0
|4 0
|7 0
|a SNK
|b SNK
|d 2015-03-23
|f 1
|i snkČSP 598/57
|l 0
|o snkČSB 658/7/1956
|p 17A1047586
|r 2026-02-21 21:15:50
|t č. 1-24
|w 2026-02-21
|y PREZ
|
| 952 |
|
|
|0 0
|1 0
|4 0
|7 0
|a SNK
|b SNK
|d 2015-03-23
|f 1
|i snkČSP 327/58
|l 0
|o snkČSB 658/8/1957
|p 17A0722044
|r 2026-02-21 21:15:50
|t č. 1-24
|w 2026-02-21
|y PREZ
|
| 952 |
|
|
|0 0
|1 0
|4 0
|7 0
|a SNK
|b SNK
|d 2015-03-23
|f 1
|i snkČSP 317/59
|l 0
|o snkČSB 658/9/1958
|p 17A0722048
|r 2026-02-21 21:15:50
|t č. 1-23
|w 2026-02-21
|y PREZ
|
| 952 |
|
|
|0 0
|1 0
|4 0
|7 0
|a SNK
|b SNK
|d 2015-03-23
|f 1
|i snkČSP 1261/61
|l 0
|o snkČSB 658/10/1959
|p 17A0722047
|r 2026-02-21 21:15:50
|t č. 1-13
|w 2026-02-21
|y PREZ
|
| 952 |
|
|
|0 0
|1 0
|4 0
|7 0
|a SNK
|b SNK
|d 2015-03-23
|f 1
|i snkČSP 1048/61
|l 0
|o snkČSB 658/11/1960
|p 17A1047587
|r 2026-02-21 21:15:50
|t č. 1-19
|w 2026-02-21
|y PREZ
|
| 952 |
|
|
|0 0
|1 0
|4 0
|7 0
|a SNK
|b SNK
|d 2015-03-23
|f 1
|i snkČSP 58/63
|l 0
|o snkČSB 658/12/1961
|p 17A0722052
|r 2026-02-21 21:15:50
|t č. 1-21
|w 2026-02-21
|y PREZ
|
| 952 |
|
|
|0 0
|1 0
|4 0
|7 0
|a SNK
|b SNK
|d 2015-03-23
|f 1
|i snkČSP 310/63
|l 0
|o snkČSB 658/13/1962
|p 17A0722046
|r 2026-02-21 21:15:57
|t č. 1-24
|w 2026-02-21
|y PREZ
|
| 952 |
|
|
|0 0
|1 0
|4 0
|7 0
|a SNK
|b SNK
|d 2015-03-23
|f 1
|i snkČSP 742/64
|l 0
|o snkČSB 658/14/1963
|p 17A0722045
|r 2026-02-21 21:15:57
|t č. 1-17
|w 2026-02-21
|y PREZ
|
| 952 |
|
|
|0 0
|1 0
|4 0
|7 0
|a SNK
|b SNK
|d 2015-03-23
|f 1
|i snkČSP 280/65
|l 0
|o snkČSB 658/15/1964
|p 17A0722049
|r 2026-02-21 21:15:57
|t č. 1-16
|w 2026-02-21
|y PREZ
|
| 952 |
|
|
|0 0
|1 0
|4 0
|7 0
|a SNK
|b SNK
|d 2015-03-23
|f 1
|l 0
|o snkČSB 658/16/1965
|p 17A0722051
|r 2026-02-21 21:15:57
|t č. 1-18
|w 2026-02-21
|y PREZ
|z prír. č. orezané
|